000 01201nam a2200289Ia 4500
001 ebr10504677
003 CaPaEBR
006 m u
007 cr cn|||||||||
008 111102s2011 ne a sb 001 0 eng d
020 _z9781608050741
040 _aCaPaEBR
_cCaPaEBR
035 _a(OCoLC)763161040
050 1 4 _aTK7871.85
_b.O58 2011eb
100 1 _aOnur Topaloglu, Rasit.
245 1 0 _aRecent topics on modeling of semiconductor processes, devices, and circuits
_h[electronic resource] /
_cby Rasit Onur Topaloglu and Peng Li.
260 _aHilversum, The Netherlands :
_bBentham Science Publishers,
_c2011.
300 _avi, 191 p. :
_bill.
504 _aIncludes bibliographical references and index.
533 _aElectronic reproduction.
_bPalo Alto, Calif. :
_cebrary,
_d2011.
_nAvailable via World Wide Web.
_nAccess may be limited to ebrary affiliated libraries.
650 0 _aSemiconductors.
650 0 _aElectrical engineering
_xMaterials.
655 7 _aElectronic books.
_2local
700 1 _aLi, Peng.
710 2 _aebrary, Inc.
856 4 0 _uhttp://site.ebrary.com/lib/rucke/Doc?id=10504677
_zAn electronic book accessible through the World Wide Web; click to view
999 _c114453
_d114453